Asamiya jatigathan prakiya aru jatiya janagustigata anisthanhamuh (Record no. 2338)

MARC details
000 -LEADER
fixed length control field 00521cam a2200193ua 4500
001 - CONTROL NUMBER
control field 2485
005 - DATE AND TIME OF LATEST TRANSACTION
control field 20260515113515.0
008 - FIXED-LENGTH DATA ELEMENTS--GENERAL INFORMATION
fixed length control field 110823n ii |||gr||||Z||||||asm
040 ## - CATALOGING SOURCE
Transcribing agency MAIN
082 ## - DEWEY DECIMAL CLASSIFICATION NUMBER
Classification number 398.09145
100 1# - MAIN ENTRY--PERSONAL NAME
Personal name Sharma, Debabrata,
245 1# - TITLE STATEMENT
Title Asamiya jatigathan prakiya aru jatiya janagustigata anisthanhamuh
Statement of responsibility, etc. by Beevabrata Sharma
250 ## - EDITION STATEMENT
Edition statement 2nd.
260 ## - PUBLICATION, DISTRIBUTION, ETC.
Place of publication, distribution, etc. Jorhat:
Name of publisher, distributor, etc. Ekalavya prakashan,
Date of publication, distribution, etc. 2007.
300 ## - PHYSICAL DESCRIPTION
Extent 616p:
Other physical details ill;
Dimensions 23cm.
653 ## - INDEX TERM--UNCONTROLLED
Uncontrolled term Folklore
653 ## - INDEX TERM--UNCONTROLLED
Uncontrolled term Assamese Culture
942 ## - ADDED ENTRY ELEMENTS (KOHA)
Koha item type Books
Holdings
Withdrawn status Lost status Damaged status Not for loan Home library Current library Shelving location Date acquired Total checkouts Full call number Barcode Date last seen Copy number Price effective from Koha item type
        Naharkatiya College Library Naharkatiya College Library General stacks 09/19/2020   398.09145 | SHA 16927 09/19/2020 1 09/19/2020 Books